| 000 | 00000nam##2200000za#4500 |
| 001 | 9.698605 |
| 003 | CaOODSP |
| 005 | 20210921095720 |
| 007 | cr ||||||||||| |
| 008 | 150407|2004||||xxc|||||o f|0| 0 eng|d |
| 040 | |aCaOODSP|beng |
| 043 | |an-cn--- |
| 086 | 1 |aIu4-64/2004E-PDF |
| 110 | 1 |aCanada. |bOffice of Consumer Affairs. |
| 245 | 10|aGood practice guidelines for Canadian movers |h[electronic resource] |
| 260 | |aOttawa - Ontario : |bIndustry Canada. |c[2004]. |
| 300 | |a7p.|bcoloured illus. |
| 500 | |aThe catalogue number (Iu4-64/2004E) and ISBN (0-662-37915-2) for the print edition have been incorrectly copied in this electronic publication. |
| 590 | |a13-27-Supp|b2013-11-15 |
| 690 | 07|aConsumer protection|2gcpds |
| 690 | 07|aShipping|2gcpds |
| 775 | 08|tLignes directrices sur les bonnes pratiques pour les déménageurs canadiens |w(CaOODSP)9.642612 |
| 776 | 0#|tGood practice guidelines for Canadian movers |w(CaOODSP)9.649392 |
| 856 | 40|ahttp://publications.gc.ca|qPDF|s637 KB|uhttps://publications.gc.ca/collections/collection_2013/ic/Iu4-64-2004-eng.pdf |